| 000 | 00366nam a2200145Ia 4500 | ||
|---|---|---|---|
| 008 | 220530s9999 xx 000 0 und d | ||
| 041 | _aeng | ||
| 082 |
_a510 _bDAS |
||
| 100 |
_aDass H K _955119 |
||
| 245 | _aEngineering Mathematics - I | ||
| 260 |
_aNew Delhi _bS Chand Publishers _c2009 |
||
| 300 |
_a593 _bPB |
||
| 700 |
_a Verma R _955120 |
||
| 906 |
_a68.75 _bALIED |
||
| 999 |
_c50251 _d50251 |
||